Environmentálne dopady hasiacich pien : Bakalárska práca

Uložené v:
Podrobná bibliografia
Hlavný autor: Bacák, Peter (Autor)
Ďalší autori: Tureková, Ivana, 1960- (xxx)
Médium: Rukopis Kniha
Jazyk:Slovak
Vydavateľské údaje: Trnava : STU v Bratislave MtF KEBI, 2006
Predmet:
Tagy: Pridať tag
Žiadne tagy, Buďte prvý, kto otaguje tento záznam!

MARC

LEADER 00000ntm a22000003a 4500
001 stu129813
005 20160719155631.1
008 061116s2006----xo------------------slo-d
040 |a STU  |b slo 
041 0 |a slo 
044 |a xo 
100 1 |a Bacák, Peter  |4 aut 
245 1 |a Environmentálne dopady hasiacich pien :  |b Bakalárska práca 
260 |a Trnava :  |b STU v Bratislave MtF KEBI,  |c 2006 
300 |a 54 s  |c príl (1 CD-ROM) 
650 7 |a zabezpečovacia technika  |2 stusub 
650 7 |a hasiace peny  |2 stusub 
650 7 |a toxicita hasiacich pien  |2 stusub 
650 7 |a environmentalistika  |2 stusub 
700 1 |a Tureková, Ivana,  |d 1960-  |4 xxx  |u M5000  |U MTF Materiálovotechnologická fakulta  |T MTF Ústav bezpečnosti, environmentu a kvality  |X 207  |U M5000  |Y 85  |7 A000000207 
996 |b 284M074879  |c M*BP-2097  |l MMSKP  |s P  |a 0  |w stu129813_0001